Eastern Utah Libraries Catalog: Duchesne, Heber, Roosevelt, & Vernal

What causes an earthquake? / (Record no. 401172)

MARC details
000 -LEADER
fixed length control field 01822cam a2200349 i 4500
001 - CONTROL NUMBER
control field 22836707
005 - DATE AND TIME OF LATEST TRANSACTION
control field 20241011171924.0
008 - FIXED-LENGTH DATA ELEMENTS--GENERAL INFORMATION
fixed length control field 221020s2024 mnua j b 001 0 eng
010 ## - LIBRARY OF CONGRESS CONTROL NUMBER
LC control number 2022049650
020 ## - INTERNATIONAL STANDARD BOOK NUMBER
International Standard Book Number 9798885244879
Qualifying information (hardcover)
020 ## - INTERNATIONAL STANDARD BOOK NUMBER
International Standard Book Number 9798885244886
Qualifying information (paperback)
020 ## - INTERNATIONAL STANDARD BOOK NUMBER
Cancelled/invalid ISBN 9798885244893
Qualifying information (ebook)
040 ## - CATALOGING SOURCE
Original cataloging agency DLC
Language of cataloging eng
Description conventions rda
Transcribing agency DLC
Modifying agency DLC
042 ## - AUTHENTICATION CODE
Authentication code pcc
050 00 - LIBRARY OF CONGRESS CALL NUMBER
Classification number QE534.3
Item number .P48 2024
082 00 - DEWEY DECIMAL CLASSIFICATION NUMBER
Classification number 551.22
Edition number 23/eng20230123
092 ## - LOCALLY ASSIGNED DEWEY CALL NUMBER (OCLC)
Classification number children nonfiction
Item number Peterson
100 1# - MAIN ENTRY--PERSONAL NAME
Personal name Peterson, Megan Cooley,
Relator term author.
9 (RLIN) 5876098
245 10 - TITLE STATEMENT
Title What causes an earthquake? /
Statement of responsibility, etc by Megan Cooley Peterson.
264 #1 - Production, Publication, Distribution, Manufacture, and Copyright Notice.
Place of production, publication, distribution, manufacture Minneapolis, MN :
Name of producer, publisher, distributor, manufacturer Bullfrog Books/Jump!, Inc.,
Date of production, publication, distribution, manufacture, or copyr [2024]
300 ## - PHYSICAL DESCRIPTION
Extent 24 pages :
Other physical details color illustrations ;
Dimensions 20 cm.
336 ## - Content Type
Content type term text
337 ## - Media type
Media type term unmediated
338 ## - Carrier type
Carrier type term volume
490 0# - SERIES STATEMENT
Series statement Science questions
504 ## - BIBLIOGRAPHY, ETC. NOTE
Bibliography, etc Includes bibliographical references and index.
520 ## - SUMMARY, ETC.
Summary, etc "In this book, vibrant, full-color photos, diagrams, and carefully leveled text will engage beginning readers as they learn how earthquakes happen. A picture diagram details and labels the steps, while a picture glossary reinforces new vocabulary. Children can learn more about earthquakes online using our safe search engine that provides relevant, age-appropriate websites. What Causes an Earthquake? also features reading tips for teachers and parents, a table of contents, and an index. What Causes an Earthquake? is part of Jump!'s Science Questions series"--
521 ## - TARGET AUDIENCE NOTE
Target audience note Ages 5-8
Source Jump!, Inc.
650 #0 - SUBJECT ADDED ENTRY--TOPICAL TERM
Topical term or geographic name as entry element Earthquakes
Form subdivision Juvenile literature.
9 (RLIN) 5693185
776 08 - ADDITIONAL PHYSICAL FORM ENTRY
Display text Online version:
Main entry heading Peterson, Megan Cooley.
Title What causes an earthquake?
Place, publisher, and date of publication Minneapolis : Jump!, Inc., 2023
International Standard Book Number 9798885244893
Record control number (DLC) 2022049651
942 ## - ADDED ENTRY ELEMENTS (KOHA)
Source of classification or shelving scheme Dewey Decimal Classification
Koha item type BOOK
Holdings
Withdrawn status Lost status Source of classification or shelving scheme Damaged status Not for loan Collection code Home library Current library Shelving location Date acquired Source of acquisition Total Checkouts Total Renewals Full call number Barcode Checked out Date last seen Date checked out Cost, replacement price Price effective from Koha item type
    Dewey Decimal Classification     Children NonFiction Wasatch County Library Wasatch County Library Main Floor Childrens Area 10/11/2024 Rainbow Books 6 5 E Earth Land Peterson 34301002133827 04/25/2026 02/24/2026 02/24/2026 18.95 10/11/2024 BOOK
This project was made possible through a grant from the Institute of Museum and Library Service administered by the Utah State Library Division.

Wasatch County Library

  • 465 East 1200 South, Heber City, Utah 84032
  • Phone 435-654-1511 | Fax 435-654-6456

Hours

  • Monday - Friday 9:30 AM - 8:00 PM
  • Saturday 9:30 AM - 1:30 PM
  • Closed Sundays and Holidays